| 000 | 00605 a2200181 4500 | ||
|---|---|---|---|
| 999 |
_c1731 _d1731 |
||
| 020 | _a0869255477 | ||
| 050 | 0 | 0 | _aLA 210 BAR 1986 |
| 100 | 1 |
_aBarker, R. E. _eAuthor |
|
| 245 | 1 | 0 |
_aPhilosophies of education : _ban introductory course / _cR.E. Barker. |
| 264 |
_aHarare: _CCollege Press Publishers (Pvt) Ltd, _c1986 |
||
| 300 |
_a188 p. : _bill. |
||
| 440 | 0 | _aNew directions in education | |
| 500 | _aIncludes index. | ||
| 504 | _aBibliography: p. 184. | ||
| 650 | 0 |
_aEducation _xPhilosophy |
|
| 942 |
_2lcc _cBK _h210 _iBAR _kLA |
||